000 00699cab a2200229 4500
001 ABS48527
008 090401t1993 xxu||||| |||| 00| 0 eng d
035 _a(Sirsi) u67250
041 _aeng
100 _aTaylor, M.
245 _aRaising awareness of risk
260 _c1993
350 _a0
490 _aArchitects` Journal
_v197(20) 19 May 1993, 26-27(2)
520 _aCompares quality assurance and risk management in construction design and highlights the differences between them. Details the Wren Risk Management Guidlines.
650 _aBS 5750
650 _aQUALITY ASSURANCE
650 _aRISK MANAGEMENT
690 _aBUILT ENVIRONMENT
942 _n0
948 _c04/03/1997
999 _c42084
_d42084